书目信息 |
| 题名: |
现代女性保健全书
|
|
| 作者: | 房艳春 , 刘莹 , 王永萍 主编 | |
| 分册: | ||
| 出版信息: | 青岛 青岛出版社 2006.02 |
|
| 页数: | 512页 | |
| 开本: | 24cm | |
| 丛书名: | ||
| 单 册: | ||
| 中图分类: | R173 | |
| 科图分类: | ||
| 主题词: | 女性--nu xing--保健--基本知识 | |
| 电子资源: | ||
| ISBN: | 7-5436-0609-7 | |
| 000 | 00875nam0 2200253 450 | |
| 001 | 012007782203 | |
| 005 | 20071011102510.21 | |
| 010 | @a7-5436-0609-7@dCNY29.80 | |
| 100 | @a20070816d2006 km y0chiy0120 ea | |
| 101 | 0 | @achi |
| 102 | @aCN@b370000 | |
| 105 | @aa z 000yy | |
| 200 | 1 | @a现代女性保健全书@Axian dai nu xing bao jian quan shu@f王永萍, 房艳春, 刘莹主编@Fwang yong ping,fang yan chun,liu ying zhu bian |
| 205 | @a第5版 | |
| 210 | @a青岛@c青岛出版社@d2006.02 | |
| 215 | @a512页@c图@d24cm | |
| 330 | @a本书以女性护理保健为主题,详细讲解了各种护理保健的基本方法,语言文字通俗易懂,操作方便,并配有生动的漫画,科学性强。 | |
| 606 | 0 | @a女性@Anu xing@x保健@x基本知识 |
| 690 | @aR173@v4 | |
| 701 | 0 | @a房艳春@Afang yan chun@4主编 |
| 701 | 0 | @a刘莹@Aliu ying@4主编 |
| 701 | 0 | @a王永萍@Awang yong ping@4主编 |
| 801 | 0 | @aCN@c20071011 |
| 905 | @dR173@eW434 | |
| 现代女性保健全书/王永萍, 房艳春, 刘莹主编.-第5版.-青岛:青岛出版社,2006.02 |
| 512页:图;24cm |
| ISBN 7-5436-0609-7:CNY29.80 |
| 本书以女性护理保健为主题,详细讲解了各种护理保健的基本方法,语言文字通俗易懂,操作方便,并配有生动的漫画,科学性强。 |
| ● |
| 相关链接 |
|
|
|
正题名:现代女性保健全书
索取号:R173/W434
 
预约/预借
| 序号 | 登录号 | 条形码 | 馆藏地/架位号 | 状态 | 备注 |
| 1 | 253020 | 202530207 | 自科库401/401自科库 7排4列2层/ [索取号:R173/W434] | 在馆 | |
| 2 | 253021 | 202530216 | 自科库401/401自科库 7排4列2层/ [索取号:R173/W434] | 在馆 | |
| 3 | 253022 | 202530225 | 自科库401/401自科库 7排4列2层/ [索取号:R173/W434] | 在馆 |